Normal view
MARC view
- EMME, ENGENE M
Entry Personal Name
001 - CONTROL NUMBER
- control field: 77693
003 - CONTROL NUMBER IDENTIFIER
- control field: NUST
005 - DATE AND TIME OF LATEST TRANSACTION
- control field: 20210628205949.0
008 - FIXED-LENGTH DATA ELEMENTS
- fixed length control field: 210628|| aca||aabn | a|a d
040 ## - CATALOGING SOURCE
- Original cataloging agency: NUST
- Transcribing agency: NUST
100 ## - HEADING--PERSONAL NAME
- Personal name: EMME, ENGENE M
670 ## - SOURCE DATA FOUND
- Source citation: Work cat.: (NUST): EMME, ENGENE M, THE IMPACT OF AIR POWER NATIONAL SECURITY AND WORLD POLITICS, 1959
